000 00697nam a2200241 a 4500
001 BRCA_7172
005 20190320205734.0
008 130112s1941----ag-#######---#000-0#spa-#
041 _aspa
044 _aag
050 4 _aDD89
_b.L83 1941
100 1 _aLudwig, Emil
_d1881-1948
_915431
245 1 0 _aHistoria de Alemania
_cEmil Ludwig; tr. de Pablo Simon.
260 _aBuenos Aires
_bAnaconda
_c1941
300 _a549 p.
_c23 cm.
500 _aEstado físico: primeras páginas desprendidas
500 _aP57
650 1 4 _aCaracteristicas nacionales alemanas
_917784
651 4 _aAlemania
_xHistorria
_917785
651 4 _aAlemania
_xCivilización
_917786
902 _aGFM
942 _2lcc
_cB
999 _c6853
_d6853